Nitrates in groundwater

Zapisane w:
Opis bibliograficzny
1. autor: Canter, Larry W (Autor)
Format: Książka
Język:angielski
Wydane: Boca Ratón, FL., USA CRC, 1997
Seria:Environmental Science and Engineering
Hasła przedmiotowe:
Dostęp online:Disponible Online
Etykiety: Dodaj etykietę
Nie ma etykietki, Dołącz pierwszą etykiete!

MARC

LEADER 00000nam a2200000 a 4500
001 UCN6730
003 CL-VaPUC
005 20211118190229.0
008 011005e19970000US |||||||||||||||||eng|d
999 |c 297413  |d 297411 
040 |c Pontificia Universidad Católica de Valparaíso 
082 0 4 |a 628.1684 CAN 1997  |2 21 
100 0 |a Canter, Larry W  |e author  |9 462511 
245 1 0 |a Nitrates in groundwater 
260 |a Boca Ratón, FL., USA  |b CRC,  |c 1997 
300 |a 263 páginas  
490 0 |a Environmental Science and Engineering 
583 |a last modification  |c 20011005 00:00:00  |k Rodrigo Vera 
650 0 |a Contaminación agrícola  |2 CL-VaPUC  |9 262831 
650 0 |a Desechos agrícolas  |2 CL-VaPUC  |9 462512 
650 0 |a Nitratos  |2 CL-VaPUC  |9 368012 
856 |u http://bibliografiadigital.pucv.cl.pucv.idm.oclc.org/index.php/bibliotecapucv/catalog/book/851  |y Disponible Online  
942 |c BK  |2 ddc 
945 |d 20011005 00:00:00  |a cmena 
952 |0 0  |1 0  |4 0  |6 628_168400000000000_CAN_1997  |7 0  |8 A  |9 352128  |a BIBAGR  |b BIBAGR  |d 2019-11-21  |i 375944K  |o 628.1684 CAN 1997  |p 375944K  |r 2025-01-20  |w 2019-11-21  |y BK  |k AGR